000 00585nam a22001577a 4500
005 20260327093504.0
008 260327b |||||||| |||| 00| 0 eng d
020 _a9783298585
100 _aIke, Emeka.I
_dIKE.E.E 2016
_lEnglish
245 _aFundamental Principles of University Physics: Mechanics and Properties of Matter for Science/
_b for Science, Engineering and Medical Students.
_cEmeka E.Ike.
250 _a2nd edition.
260 _aJOS.
_bENIC PUBLICATION, jOS.
_c2016.XI
300 _axi;381p.including Bibliographics and indexs.
_c21cm.
500 _5KKU LIBRARY.
942 _2lcc
999 _c200
_d200